00735nam a2200205Ia 4500001001000000003000500010008004100015010001100056040000900067082001900076100002300095245010400118300001000222440001800232500015900250650003600409650004300445650003600488700000500524Para_7720CHAP220125s1929 xx 000 0 und d a206739 cCHAP aPA-C 595.77 D5 aHeadlee, Thomas J. aThe relation of rainfall to the seasonal Peack Load of mosquito control /c by Thomas J. Headlee, a14 p. aDíptera ; 2 aSobretiro de : Proceedings of the sixteenth annual meeting of the New Jersey mosquito extermination association, Februaty 1929 Enc. con impresos similares aControl biológico de insectos aDípteros x colecciones de escritos  aMosquitos x efecto de humedad  a